Geographical information systems : (Record no. 55282)
[ view plain ]
| 000 -LEADER | |
|---|---|
| fixed length control field | 00871nam a2200253 a 4500 |
| 001 - CONTROL NUMBER | |
| control field | 55282 |
| 003 - CONTROL NUMBER IDENTIFIER | |
| rucl marc code | BD-RjUL |
| 005 - DATE AND TIME OF LATEST TRANSACTION | |
| control field | 20211209080237.0 |
| 008 - FIXED-LENGTH DATA ELEMENTS--GENERAL INFORMATION | |
| fixed length control field | 161115r19931992nyuab b 001 0 eng |
| 020 ## - INTERNATIONAL STANDARD BOOK NUMBER | |
| International Standard Book Number | 0582056616 (Longman : set) |
| 035 ## - SYSTEM CONTROL NUMBER | |
| System control number | (BD-RjUL)55404 |
| 040 ## - CATALOGING SOURCE | |
| Original cataloging agency | DLC |
| Transcribing agency | DLC |
| Modifying agency | BD-RjUL |
| Language of cataloging | eng |
| 041 ## - LANGUAGE CODE | |
| Language code of text/sound track or separate title | eng |
| 082 00 - DEWEY DECIMAL CLASSIFICATION NUMBER | |
| Classification number | 910.285 |
| Edition number | 23 |
| Author mark and year | GEO 1991 |
| 245 00 - TITLE STATEMENT | |
| Title | Geographical information systems : |
| Remainder of title | principles and applications / |
| Statement of responsibility, etc. | edited by David J. Maguire, Michael F. Goodchild, and David W. Rhind. |
| 260 ## - PUBLICATION, DISTRIBUTION, ETC. (IMPRINT) | |
| Place of publication, distribution, etc. | New York : |
| Name of publisher, distributor, etc. | Wiley, |
| Date of publication, distribution, etc. | c1991 [ Reprint 1993]. |
| 300 ## - PHYSICAL DESCRIPTION | |
| Pagination | V. : |
| Illustrations | ill. ; |
| Size | 26 cm. |
| 505 0# - FORMATTED CONTENTS NOTE | |
| Formatted contents note | Vol. 1 Principles -- Vol. 2. Applications -- |
| 650 #0 - SUBJECT ADDED ENTRY--TOPICAL TERM | |
| Topical term or geographic name as entry element | Geographic information systems. |
| 9 (RLIN) | 122258 |
| 700 1# - ADDED ENTRY--PERSONAL NAME | |
| Personal name | Maguire, D. J. |
| Fuller form of name | (David J.) |
| Personal name | Goodchild, Michael F. |
| Personal name | Rhind, David. |
| 942 ## - ADDED ENTRY ELEMENTS (KOHA) | |
| Source of classification or shelving scheme | Dewey Decimal Classification |
| Koha item type | Books |
| Lost status | Source of classification or shelving scheme | Damaged status | Not for loan | Collection code | Permanent Location | Current Location | Shelving location | Date acquired | Source of acquisition | Cost, normal purchase price | Total Checkouts | Full call number | Date last seen | Copy number | Koha item type |
|---|---|---|---|---|---|---|---|---|---|---|---|---|---|---|---|
| Dewey Decimal Classification | Non-fiction | Central Library, University of Rajshahi | Central Library, University of Rajshahi | 24/08/1994 | Aligorh Library, Dhaka | 137.00 | 910.285 GEO V-2 1991 | 15/11/2016 | C-2 | Books | |||||
| Dewey Decimal Classification | Not For Loan | Non-fiction | Central Library, University of Rajshahi | Central Library, University of Rajshahi | Reading Room | 24/08/1994 | Aligorh Library, Dhaka | 137.35 | 910.285 GEO V-1 1991 | 11/04/2017 | C-1 | Books |